000 01436nam0a22003251 4500
001 rc\3031843
005 20250806201651.0
035 _a(NLR Aleph) 007172741
090 _a16971
_c16971
100 _a20111002d1942 u y0rusy50 ca
101 0 _arus
102 _aRU
105 _aa z |||||
200 1 _aПодземная минная борьба и подземные работы
_fДоц. канд. техн. наук П.Л. Савич, доц. канд. техн. наук Д.И. Шор, доц. канд. техн. наук К.А. Вахуркин
_gВоен. инж. акад. Красной Армии им. В.В. Куйбышева
210 _a[Москва]
_cВИА КА
_d1942
215 _a300 с.
_cил., табл., черт.
_d25 см
320 _aБиблиогр.: "Литература", с. 294-297
700 1 _aСавич
_bП.Л.
_f1899-
_gПетр Леонидович
701 1 _aШор
_bД.И.
701 1 _aВахуркин
_bК.А.
702 1 _aЯковлев
_bВ. В.
_cд-р техн. наук, военно-инженер. дело
_f1871-1945
_gВиктор Васильевич
_3RU\NLR\AUTH\770266174
_4340
702 1 _aДавыдов
_bС.С.
_4340
801 0 _aRU
_bNLR
_gpsbo
801 1 _aRU
_bELAR
_2rusmarc
852 _aNLR
_jВ60 Г-7/3
942 _cBOOK
945 _aРоссийская национальная библиотека
980 _aNB
980 _aBV